LEADER 02077 am 22004453u 450 001 9910136408503321 005 20200708143758.0 010 $a9783902976444 (ebook) 024 7 $a10.15661/mono/arch/heroon01 035 $a(CKB)3710000000609198 035 $a(OAPEN)604163 035 $a(EXLCZ)993710000000609198 100 $a20191127d|||| uy 101 0 $ager 135 $auuuuu---auuuu 181 $ctxt$2rdacontent 182 $cc$2rdamedia 183 $acr$2rdacarrier 200 14$aDas Heroon von Trysa /$fAlice Landskron, mit Beiträgen von Franz Fichtinger und Gerhard Forstenpointner 210 1$aAustria :$cHolzhausen,$d2016 215 $a1 online resource (222 pages) $cillustrations; digital, PDF file(s) 320 $aIncludes bibliographical references. 330 $aThe study examines the friezes of the Heroon of Trysa in context of Lycian culture and society and interprets the selection of the picture themes. In a very exceptional way the friezes visualize Greek, Lycian and Persian subjects and contents which characterize the world of the Lycians and meet the requirements of the tomb owner. The second part includes images, supplements, tables, and lists of images.The first part of the 2-volume publication includes an introduction, the status of research, typological and iconographical analysis of the friezes, chapters on the style, the interpretation of the Heroon, and a catalogue, including description and technical information on the friezes, and bibliographical abbreviations. 517 0 $aHeroon von Trysa, 13 B 606 $aHistory$2bicssc 606 $aRelief (Sculpture), Greek 606 $aTombs 606 $aAntiquities 608 $bElectronic books. 615 7$aHistory 615 0$aRelief (Sculpture), Greek 615 0$aTombs. 615 0$aAntiquities. 700 $aLandskron$b Alice$0906631 702 $aFichtinger$b Franz, 702 $aForstenpointner$b Gerhard 801 0$bUkMaJRU 912 $a9910136408503321 996 $aDas Heroon von Trysa$92027739 997 $aUNINA LEADER 01928nas 2200625- 450 001 9910140736503321 005 20220210213021.0 011 $a2193-634X 035 $a(OCoLC)828122362 035 $a(CKB)3150000000000556 035 $a(CONSER)--2013250658 035 $a(DE-599)ZDB2653367-4 035 $a(EXLCZ)993150000000000556 100 $a20130220a20129999 --- - 101 0 $aeng 135 $aur||||||||||| 181 $ctxt$2rdacontent 182 $cc$2rdamedia 183 $acr$2rdacarrier 200 00$aJournal of neurological surgery$hPart B$iSkull base 210 1$aNew York, NY :$cThieme Medical Publishers,$d©2012- 215 $a1 online resource 300 $aRefereed/Peer-reviewed 311 08$a2193-6331 517 1 $aJ Neurol Surg B Skull Base 517 1 $aSkull base 531 $aJ NEUROL SURG B SKULL BASE 531 $aJOURNAL OF NEUROL. SURG. PART B 531 $aJ NEUROL SURG PART B 531 1 $aJ. neurol. surg., Part B, Skull base 606 $aSkull base$vPeriodicals 606 $aSkull$xSurgery$vPeriodicals 606 $aHead$xSurgery$vPeriodicals 606 $aNeurosurgical Procedures$xmethods 606 $aSkull Base$xpathology 606 $aSkull Base$xsurgery 606 $aHead$xSurgery$2fast$3(OCoLC)fst00952605 606 $aSkull base$2fast$3(OCoLC)fst01120249 606 $aSkull$xSurgery$2fast$3(OCoLC)fst01120243 608 $aPeriodical 608 $aPeriodicals.$2fast 608 $aPeriodicals.$2lcgft 615 0$aSkull base 615 0$aSkull$xSurgery 615 0$aHead$xSurgery 615 12$aNeurosurgical Procedures$xmethods 615 12$aSkull Base$xpathology 615 12$aSkull Base$xsurgery 615 7$aHead$xSurgery. 615 7$aSkull base. 615 7$aSkull$xSurgery. 906 $aJOURNAL 912 $a9910140736503321 996 $aJournal of neurological surgery$92132126 997 $aUNINA